01598cam a22003857a 4500003000500000005001700005008004100022010001000063011001000073035001000083040000900093090001000102100004300112245015600155260004000311300002100351502007500372590003700447590004100484590004100525590004100566590004100607590004200648650002500690650002900715700004700744901000700791905002400798942000900822949005500831949004200886999001700928952014000945952012701085CHAP20220329141944.0980929d1998 mx r 00110 spa d a76240 a77212 a86815 cCHAP aTesis00aTaboada Arroyo, Marco Antonio.911130310aRebrote en dos variedades de trigo cosechadas a diferentes edades cronológicasc/por Marco Antonio Taboada Arroyo y María Esther Espitia Calderón aChapingo, Méx. :bEl autor,c1998 a60 h. :bcuadros aTesis (Ing. Agr. Esp. en Zootecnia) -- UACH. Departamento de Zootecnia aALEPHb10c20130110lUCH01h1425 aBATCH-UPDb10c20130110lUCH01h0421 aBATCH-UPDb10c20130110lUCH01h2333 aBATCH-UPDb10c20130410lUCH01h0056 aBATCH-UPDb10c20130914lUCH01h1321 aCONVERSIONb10c20130109lUCH01h134214aTrigoxEdad.911501014aTrigoxRebrotes.91150890 aEspitia Calderón, María Esther.938102 aBK aMayto Villalobos S. cFOLL bBCcTESd33724000588471eTS2fc.2h32886i86815si bBCcTESd868151eTS1h32885i86815sb c76240d76240 00102local4053708TESISaBCbBCcPA_TESISd2019-12-31fTESISl0oTesisp33724000588471r2019-12-31 00:00:00tc.2w2019-12-31yTESIS 00102local4051708TESISaBCbBCcPA_TESISd2019-12-31fTESISl0oTesisp868151r2019-12-31 00:00:00w2019-12-31yTESIS